000 00717nam a2200217Ia 4500
003 GCL
008 140319s9999 xx 000 0 ara d
020 _a5466939960
040 _aGCL /
_cGCL
082 0 4 _a915.31
_bل ر
100 1 _aليبنز،فيليب
245 1 0 _aرحلة استكشافية فى وسط الجزيرة العربية /
_cليبنز،فيليب
250 _aالاولى
260 _aالرياض :
_bدارة الملك عبد العزيز ،
_c1999
300 _a276 ص ؛
_c24 سم
650 0 4 _aالمستكشفون
650 0 4 _aالسعودية - وصف ورحلات
650 0 4 _aالرياض- وصف ورحلات
650 0 4 _aالسعودية - اثار
942 _2ddc
_cBK
999 _c6974
_d6974